000 00801nam a2200217Ia 4500
001 826
003 GE_BSU
008 181216s||||||||xx |||||||||||||| ||und||
040 _cGE_BSU
080 _a581(075.8)
100 _aАнцышкина,А.М.;Барабанов,Л.В.;Мостова, Л.В.
245 _aБотаника
245 _bРуководство по учебной практике для студ. Гос. образова. учрежд.высшего професс.образов.Московская медицинская акад. им. И.М.Сеченова
260 _aМосква
260 _bМедицинское информац. агенство
260 _c2006
300 _a99стр.
541 _h30л.
653 _aБотаника
942 _cBK
999 _c34990
_d34990